| 000 | 00351nam a2200133Ia 4500 | ||
|---|---|---|---|
| 008 | 240624s9999 xx 000 0 und d | ||
| 041 | _aeng | ||
| 082 | _a658.827 CHO | ||
| 100 | _aCHOUDHURY PRAN K | ||
| 245 | _aSUCCESSFUL PROMOTIONS BUILD SUCCESSFUL B | ||
| 260 |
_c2006 _aHyderabad _bUniversities Press |
||
| 300 | _a133p. ; 25cm. | ||
| 365 |
_cRS _b25 |
||
| 999 |
_c19670 _d19670 |
||